[Event "Dortmund ABC Serie Anfaenger-23"]
[Site "Dortmund"]
[Date "2005.05.10"]
[Round "6"]
[White "Ickler, Uwe"]
[Black "Collisy, Klaus Dieter"]
[Result "1/2-1/2"]
[WhiteElo "1245"]
[BlackElo "1210"]
[PlyCount "75"]
[EventDate "2005.04.13"]
[EventType "tourn"]
[EventRounds "13"]
[EventCountry "GER"]
[SourceTitle "EXT 2007"]
[Source "ChessBase"]
[SourceDate "2006.11.23"]
[SourceVersion "1"]
[SourceVersionDate "2006.11.23"]
[SourceQuality "1"]

1. c4 c5 2. Nc3 Nf6 3. Nf3 Nc6 4. d4 cxd4 5. Nxd4 Nxd4 6. Qxd4 e6 7. g3 b6 8. Bg2 Bc5 9. Qd3 Rb8 10. Bf4 d6 11. Bg5 Bb7 12. e4 0-0 13. a3 Bxf2+ 14. Kxf2 Ng4+ 15. Ke2 Qxg5 16. h4 Qe7 17. Bh3 Ne5 18. Qd4 Rbc8 19. Nb5 Rfd8 20. Rhc1 Ba6 21. a4 Rc6 22. b3 Rdc8 23. Rc3 Rc5 24. Rd1 Rd8 25. b4 Nc6 26. Qd2 Nxb4 27. Rb3 Rxc4 28. Rxb4 Rxb4 29. Qxb4 Bxb5+ 30. Qxb5 Rc8 31. Qd3 Rd8 32. Kf2 Qf6+ 33. Kg1 Qe5 34. Kh2 g6 35. Bg2 h6 36. Rc1 Rd7 37. Rc8+ Kg7 38. Qc3 1/2-1/2

[Event "Dortmund ABC Serie Anfaenger-23"]
[Site "Dortmund"]
[Date "2005.04.30"]
[Round "5"]
[White "Oehmke, Bernd"]
[Black "Ickler, Uwe"]
[Result "1-0"]
[WhiteElo "1538"]
[BlackElo "1245"]
[PlyCount "37"]
[EventDate "2005.04.13"]
[EventType "tourn"]
[EventRounds "13"]
[EventCountry "GER"]
[SourceTitle "EXT 2007"]
[Source "ChessBase"]
[SourceDate "2006.11.23"]
[SourceVersion "1"]
[SourceVersionDate "2006.11.23"]
[SourceQuality "1"]

1. e4 d5 2. exd5 Qxd5 3. Nc3 Qa5 4. Nf3 Bg4 5. Be2 Nd7 6. b3 e6 7. Bb2 c6 8. 0-0 Bd6 9. Ne4 Be5 10. Nxe5 Bxe2 11. Qxe2 Nxe5 12. Nd6+ Ke7 13. Bxe5 f6 14. Bg3 e5 15. Nc4 Qc7 16. d4 Kf7 17. dxe5 fxe5 18. Nxe5+ Kf6 19. Ng4+ 1-0

[Event "Dortmund ABC Serie A-22"]
[Site "Dortmund"]
[Date "2004.11.10"]
[Round "8"]
[White "Ickler, Uwe"]
[Black "Herrmann, Rudolf"]
[Result "0-1"]
[WhiteElo "1299"]
[BlackElo "1317"]
[PlyCount "112"]
[EventDate "2004.10.06"]
[EventType "tourn"]
[EventRounds "13"]
[EventCountry "GER"]
[SourceTitle "EXT 2006"]
[Source "ChessBase"]
[SourceDate "2005.11.24"]
[SourceVersion "1"]
[SourceVersionDate "2005.11.24"]
[SourceQuality "1"]

1. c4 Nf6 2. Nc3 c5 3. Nf3 Nc6 4. d4 e6 5. Bg5 h6 6. Bh4 a6 7. e4 g5 8. Bg3 cxd4 9. Nxd4 Bb4 10. Nxc6 bxc6 11. Qc2 0-0 12. e5 Ne8 13. Bd3 f6 14. Bh7+ Kh8 15. a3 Bxc3+ 16. bxc3 f5 17. Bg6 Nc7 18. f4 Kg7 19. Bh5 a5 20. 0-0 Ba6 21. Qe2 Nd5 22. Rac1 Qb6+ 23. Qf2 Qxf2+ 24. Rxf2 Bxc4 25. fxg5 hxg5 26. Be2 Ne3 27. Bxc4 Nxc4 28. Ra2 f4 29. Bf2 Kg6 30. Bd4 Rac8 31. Bc5 Rf5 32. Bd6 f3 33. gxf3 Rxf3 34. Rf1 Rxf1+ 35. Kxf1 Nxd6 36. exd6 Rf8+ 37. Kg2 Rf5 38. Rb2 Rd5 39. Rb6 Rxd6 40. c4 Rd2+ 41. Kh1 Ra2 42. Rb7 Rxa3 43. Rxd7 Ra1+ 44. Kg2 Rc1 45. Rd6 Rxc4 46. Rxe6+ Kf5 47. Re8 a4 48. Rf8+ Ke4 49. Ra8 c5 50. Kg3 Kd3 51. Rd8+ Kc3 52. Kf3 a3 53. Ke3 a2 54. Rd3+ Kb2 55. Rd2+ Rc2 56. Rd5 a1Q 0-1

[Event "Dortmund ABC Serie A-22"]
[Site "Dortmund"]
[Date "2004.10.15"]
[Round "3"]
[White "Rosenfeldt, Christian"]
[Black "Ickler, Uwe"]
[Result "1-0"]
[WhiteElo "1331"]
[BlackElo "1299"]
[PlyCount "73"]
[EventDate "2004.10.06"]
[EventType "tourn"]
[EventRounds "13"]
[EventCountry "GER"]
[SourceTitle "EXT 2006"]
[Source "ChessBase"]
[SourceDate "2005.11.24"]
[SourceVersion "1"]
[SourceVersionDate "2005.11.24"]
[SourceQuality "1"]

1. e4 d5 2. exd5 Qxd5 3. Nc3 Qa5 4. b4 Qxb4 5. Rb1 Qd6 6. Nb5 Qc6 7. Rb3 Nf6 8. Rc3 Qe6+ 9. Re3 Qb6 10. Be2 e6 11. d4 Nd5 12. Rg3 a6 13. Na3 g6 14. Rb3 Qd6 15. Nc4 Qd8 16. Nf3 Bg7 17. 0-0 0-0 18. Ba3 Re8 19. Qd2 Nc6 20. Nfe5 Nxe5 21. Nxe5 Bxe5 22. dxe5 b5 23. Qh6 Bb7 24. Rh3 b4 25. Bc1 Qd7 26. Qxh7+ Kf8 27. Qh8+ Ke7 28. Bg5+ f6 29. Rh7+ Kd8 30. Rxd7+ Kxd7 31. Qg7+ Re7 32. Qxg6 fxg5 33. Rd1 Bc6 34. Qxg5 Kc8 35. Rxd5 Bxd5 36. Qxe7 Kb7 37. Qxb4+ 1-0

[Event "Dortmund6"]
[Site "Dortmund"]
[Date "2003.11.22"]
[Round "11"]
[White "Ickler, Uwe"]
[Black "Banken, Gerd"]
[Result "0-1"]
[WhiteElo "1229"]
[BlackElo "1231"]
[PlyCount "40"]
[EventDate "2003.10.01"]
[EventType "tourn"]
[EventRounds "13"]
[EventCountry "GER"]
[SourceTitle "EXT 2007"]
[Source "ChessBase"]
[SourceDate "2006.11.23"]
[SourceVersion "1"]
[SourceVersionDate "2006.11.23"]
[SourceQuality "1"]

1. c4 e5 2. Nc3 Nc6 3. Nf3 Nf6 4. d3 Bc5 5. Bg5 h6 6. Bxf6 Qxf6 7. Ne4 Qe7 8. Nxc5 Qxc5 9. g3 d6 10. Bg2 Qb4+ 11. Qd2 Qxd2+ 12. Nxd2 Nd4 13. Rc1 c6 14. 0-0 Nxe2+ 15. Kh1 Nxc1 16. Rxc1 Bf5 17. Ne4 Rd8 18. Rf1 0-0 19. b3 b6 20. Rd1 d5 0-1

[Event "Dortmund6"]
[Site "Dortmund"]
[Date "2003.10.15"]
[Round "3"]
[White "Bieber, Carsten"]
[Black "Ickler, Uwe"]
[Result "1/2-1/2"]
[WhiteElo "1026"]
[BlackElo "1229"]
[PlyCount "58"]
[EventDate "2003.10.01"]
[EventType "tourn"]
[EventRounds "13"]
[EventCountry "GER"]
[SourceTitle "EXT 2007"]
[Source "ChessBase"]
[SourceDate "2006.11.23"]
[SourceVersion "1"]
[SourceVersionDate "2006.11.23"]
[SourceQuality "1"]

1. Nf3 d5 2. d3 Nf6 3. g3 Bg4 4. h3 Bxf3 5. exf3 e6 6. Bg2 Bd6 7. 0-0 0-0 8. Nd2 c6 9. Re1 Re8 10. a3 Qc7 11. Nf1 Nbd7 12. f4 e5 13. f5 e4 14. b4 exd3 15. cxd3 Rxe1 16. Qxe1 Re8 17. Be3 a6 18. d4 Nb6 19. Qd1 Nc4 20. Qd3 Nxe3 21. Nxe3 Ne4 22. Nf1 Re7 23. Rc1 Qb8 24. Qf3 Qe8 25. h4 Nd2 26. Nxd2 Re1+ 27. Rxe1 Qxe1+ 28. Bf1 Qxd2 29. Qe2 Qxe2 1/2-1/2

[Event "Dortmund1"]
[Site "Dortmund"]
[Date "2003.05.23"]
[Round "12"]
[White "Ickler, Uwe"]
[Black "Milonas, Georgios"]
[Result "0-1"]
[WhiteElo "1152"]
[BlackElo "1183"]
[PlyCount "47"]
[EventDate "2003.03.26"]
[EventType "tourn"]
[EventRounds "13"]
[EventCountry "GER"]
[SourceTitle "EXT 2007"]
[Source "ChessBase"]
[SourceDate "2006.11.23"]
[SourceVersion "1"]
[SourceVersionDate "2006.11.23"]
[SourceQuality "1"]

1. c4 Nf6 2. Nc3 d6 3. Nf3 g6 4. g3 Bg7 5. Bg2 0-0 6. 0-0 Nbd7 7. d3 e5 8. Be3 Re8 9. Qd2 Ng4 10. Nh4 Nxe3 11. Qxe3 f5 12. Bd5+ Kh8 13. f4 exf4 14. Qxf4 c6 15. Bf7 Re7 16. Bxg6 hxg6 17. Nxg6+ Kg8 18. Nxe7+ Qxe7 19. Qxf5 Qe3+ 20. Rf2 Nf6 21. Qg6 Bh3 22. Ne4 Nxe4 23. Qf7+ Kh7 24. dxe4 0-1

[Event "Dortmund1"]
[Site "Dortmund"]
[Date "2003.04.16"]
[Round "5"]
[White "Krueger, Sven"]
[Black "Ickler, Uwe"]
[Result "0-1"]
[WhiteElo "1188"]
[BlackElo "1152"]
[PlyCount "48"]
[EventDate "2003.03.26"]
[EventType "tourn"]
[EventRounds "13"]
[EventCountry "GER"]
[SourceTitle "EXT 2007"]
[Source "ChessBase"]
[SourceDate "2006.11.23"]
[SourceVersion "1"]
[SourceVersionDate "2006.11.23"]
[SourceQuality "1"]

1. c4 e6 2. Qb3 Nf6 3. Nc3 d5 4. d4 c5 5. Nf3 Nc6 6. e3 cxd4 7. cxd5 exd5 8. Bb5 dxc3 9. Ne5 Bd7 10. Bxc6 bxc6 11. Qxc3 c5 12. 0-0 Bd6 13. Rd1 Ne4 14. Qb3 c4 15. Qb7 Bxe5 16. Rxd5 0-0 17. Rxe5 Nf6 18. e4 Re8 19. Bf4 Rxe5 20. Bxe5 Be6 21. Bxf6 gxf6 22. Re1 Rb8 23. Qxa7 Rxb2 24. f4 Qd2 0-1

[Event "Dortmund1"]
[Site "Dortmund"]
[Date "2003.04.11"]
[Round "4"]
[White "Ickler, Uwe"]
[Black "Banken, Gerd"]
[Result "1/2-1/2"]
[WhiteElo "1152"]
[BlackElo "1239"]
[PlyCount "56"]
[EventDate "2003.03.26"]
[EventType "tourn"]
[EventRounds "13"]
[EventCountry "GER"]
[SourceTitle "EXT 2007"]
[Source "ChessBase"]
[SourceDate "2006.11.23"]
[SourceVersion "1"]
[SourceVersionDate "2006.11.23"]
[SourceQuality "1"]

1. c4 e5 2. Nc3 Nf6 3. g3 Nc6 4. Bg2 Bc5 5. Nf3 d6 6. 0-0 Be6 7. d3 Qd7 8. Re1 Bh3 9. Bh1 Be6 10. Bg5 Qe7 11. Bxf6 Qxf6 12. Ne4 Qd8 13. Nxc5 dxc5 14. Qb3 Rb8 15. Qa4 0-0 16. Qa3 b6 17. Rad1 a5 18. Qc3 f6 19. Nd2 Qd4 20. Bxc6 Qxc3 21. bxc3 Rbd8 22. Nb1 Rd6 23. Bh1 Rfd8 24. Na3 c6 25. Rb1 Rb8 26. Red1 Bd7 27. e3 b5 28. cxb5 cxb5 1/2-1/2

[Event "Dortmund1"]
[Site "Dortmund"]
[Date "2003.03.29"]
[Round "2"]
[White "Thiemig, Rolf"]
[Black "Ickler, Uwe"]
[Result "0-1"]
[WhiteElo "1259"]
[BlackElo "1152"]
[PlyCount "99"]
[EventDate "2003.03.26"]
[EventType "tourn"]
[EventRounds "13"]
[EventCountry "GER"]
[SourceTitle "EXT 2007"]
[Source "ChessBase"]
[SourceDate "2006.11.23"]
[SourceVersion "1"]
[SourceVersionDate "2006.11.23"]
[SourceQuality "1"]

1. b3 d5 2. Bb2 Nf6 3. e3 g6 4. c4 c6 5. cxd5 cxd5 6. Nf3 Bg7 7. Bb5+ Bd7 8. Bxd7+ Nbxd7 9. Nc3 Nb6 10. 0-0 0-0 11. Rb1 e6 12. a4 Ne4 13. Nxe4 Bxb2 14. Rxb2 dxe4 15. Nd4 Nd5 16. Qb1 Rc8 17. Qxe4 Qf6 18. Rc2 Rxc2 19. Qxc2 e5 20. Nb5 a6 21. Nc3 Nb4 22. Qe4 Qd6 23. d4 exd4 24. Rd1 d3 25. Qd4 Rd8 26. Qxd6 Rxd6 27. Ne4 Rd8 28. Nc5 b6 29. Ne4 f5 30. Nd2 Na2 31. Nc4 b5 32. axb5 axb5 33. Ne5 Nb4 34. f3 Rd5 35. f4 Kg7 36. h4 h5 37. Rd2 Kf6 38. Kf2 Kg7 39. Kf3 Kh6 40. Kf2 Kg7 41. Nf3 Nc6 42. Ne1 Nb4 43. Kf3 Kf6 44. e4 fxe4+ 45. Kxe4 Rd6 46. Nxd3 Nxd3 47. Rxd3 Rxd3 48. Kxd3 Kf5 49. b4 Kg4 50. Kd4 0-1

[Event "Dortmund ABC Anfaenger 18th"]
[Site "Dortmund"]
[Date "2002.12.04"]
[Round "12"]
[White "Rimm, Marco"]
[Black "Ickler, Uwe"]
[Result "0-1"]
[WhiteElo "1163"]
[BlackElo "1160"]
[PlyCount "66"]
[EventDate "2002.10.11"]
[EventType "tourn"]
[EventRounds "13"]
[EventCountry "GER"]
[SourceTitle "EXT 2004"]
[Source "ChessBase"]
[SourceDate "2003.11.25"]
[SourceVersion "1"]
[SourceVersionDate "2003.11.25"]
[SourceQuality "1"]

1. e4 d5 2. exd5 Qxd5 3. Nc3 Qa5 4. Nf3 Nf6 5. Bc4 e6 6. 0-0 Bd6 7. d3 0-0 8. Bg5 Nbd7 9. Ne4 Nxe4 10. dxe4 Ne5 11. Nxe5 Qxe5 12. g3 Qxg5 13. h4 Qe5 14. Bd3 Qxb2 15. f4 Bc5+ 16. Kg2 Qf6 17. e5 Qd8 18. Qf3 Qd5 19. Be4 Qd2+ 20. Kh1 Qe3 21. Qxe3 Bxe3 22. Rf3 Bc5 23. Raf1 Rb8 24. f5 exf5 25. Bxf5 Bxf5 26. Rxf5 Rfe8 27. c3 g6 28. R5f3 Rxe5 29. Rd3 Bd6 30. g4 Re4 31. Rg1 Bc5 32. Rg2 Re1+ 33. Kh2 Bd6+ 0-1

[Event "Ruhrhalbinsel op 14th"]
[Site "Essen"]
[Date "1999.06.28"]
[Round "4"]
[White "Puetz, Otto"]
[Black "Ickler, Uwe"]
[Result "1/2-1/2"]
[WhiteElo "1719"]
[BlackElo "1189"]
[PlyCount "73"]
[EventDate "1999.05.07"]
[EventType "swiss"]
[EventRounds "4"]
[EventCountry "GER"]
[SourceTitle "EXT 2004"]
[Source "ChessBase"]
[SourceDate "2003.11.25"]
[SourceVersion "1"]
[SourceVersionDate "2003.11.25"]
[SourceQuality "1"]

1. e4 d5 2. exd5 Qxd5 3. Nc3 Qd8 4. Nf3 e6 5. d4 Nc6 6. Bb5 Bd7 7. 0-0 Nf6 8. a3 Be7 9. Ne5 Nxe5 10. dxe5 Nd5 11. Bxd7+ Qxd7 12. Ne4 0-0-0 13. Ng5 Bxg5 14. Bxg5 f6 15. Bh4 g5 16. Bg3 f5 17. c4 Nb6 18. c5 Qxd1 19. Rfxd1 Na4 20. f4 Rxd1+ 21. Rxd1 g4 22. b4 Rd8 23. Rxd8+ Kxd8 24. Be1 c6 25. Kf2 Nb2 26. Kg3 Nd3 27. Bd2 Ke7 28. Kh4 Kf7 29. h3 gxh3 30. gxh3 Kg6 31. a4 a6 32. a5 Nf2 33. Be1 Nd3 34. Bd2 Nf2 35. Be3 Ne4 36. Bd4 Nd2 37. Be3 1/2-1/2